00693nam a2200241 a 4500001001300000003000900013005001700022008004100039020001000080082001800090100001700108245002000125260004800145300000900193500003500202505005100237650001800288700001700306902000800323942000700331952009800338999001500436nice12345678IN_TiNIC20260116011834.0050524s1920 laha grp 000 0 urd  ac10000a220.9505bBUN aBunyan, John aMasihi Ka Safar aLahorebPunjab Religious Booksociety c1920 a212p aincludes index and biblioraphy2 aAn altogether new interpretation of Revelation aBible Stories1 aBunyan, John bSRS cBK 00104070aHMIbHMId2007-07-31g100.00l0o220.9505 BUNp6773r2007-07-31w2026-01-16yARB c4340d4340